书目信息 |
| 题名: |
改革·创新·跨越式发展:中国电子信息产业改革开放30年
|
|
| 作者: | ;中华人民共和国工业和信息化部 编 | |
| 分册: | 下册 | |
| 出版信息: | 北京 电子工业出版社 2009.01 |
|
| 页数: | 438页 | |
| 开本: | 20cm | |
| 丛书名: | ||
| 单 册: | ||
| 中图分类: | F426.63 | |
| 科图分类: | ||
| 主题词: | 工业经济--中国 | |
| 电子资源: | ||
| ISBN: | 7-121-06546-0 | |
| 000 | 00819nam0 2200193 450 | |
| 001 | 1434908987 | |
| 005 | 20141104094504.45 | |
| 010 | @a7-121-06546-0@dCNY290.00 | |
| 100 | @a20141104d2009 km y0chiy0120 ea | |
| 101 | 0 | @achi |
| 102 | @aCN@b110000 | |
| 200 | 1 | @a改革·创新·跨越式发展:中国电子信息产业改革开放30年@Agai ge·chuang xin·kua yue shi fa zhan:zhong guo dian zi xin xi chan ye gai ge kai fang 30 nian@h下册@f中华人民共和国工业和信息化部编@Fzhong hua ren min gong he guo gong ye he xin xi hua bu bian |
| 210 | @a北京@c电子工业出版社@d2009.01 | |
| 215 | @a438页@d20cm | |
| 606 | 0 | @a工业经济@x中国 |
| 690 | @aF426.63@v4 | |
| 711 | 02 | @a中华人民共和国工业和信息化部@Azhong hua ren min gong he guo gong ye he xin xi hua bu@4编 |
| 801 | 0 | @aCN@b大连网信软件有限公司图书馆·11@c20141104 |
| 905 | @aZUCC@dF426.63@eZ764 | |
| 改革·创新·跨越式发展:中国电子信息产业改革开放30年.下册/中华人民共和国工业和信息化部编.-北京:电子工业出版社,2009.01 |
| 438页;20cm |
| ISBN 7-121-06546-0:CNY290.00 |
| ● |
| 相关链接 |
|
|
|
正题名:改革·创新·跨越式发展:中国电子信息产业
索取号:F426.63/Z764
 
预约/预借
| 序号 | 登录号 | 条形码 | 馆藏地/架位号 | 状态 | 备注 |
| 1 | 895923 | 208959233 | 社科库409/409社科库 36排5列2层/ [索取号:F426.63/Z764] | 在馆 | |
| 2 | 895924 | 208959242 | 社科库409/409社科库 36排5列2层/ [索取号:F426.63/Z764] | 在馆 |